000 00549nam a2200181Ia 4500
003 OSt
005 20260116093639.0
008 210210b1958 xxu||||| |||| 00| 0 eng d
040 _cAL
041 _aKannada
082 _a859/885
100 _aNARASIMHAMURTI PUTTURU
_9145257
_dನರಸಿಂಹಮೂರ್ತಿ ಪುತ್ತೂರು.
245 _aNamma pravasa:
_bನಮ್ಮ ಪ್ರವಾಸ
260 _aBengaluru
_bMa Na Murti Smaraka Granthamala
_c1958
690 _aKannada Fiction
_9145258
906 _a021645
942 _2ddc
_cBK
999 _c145754
_d145754